Pulse (Record no. 109553)

MARC details
000 -LEADER
fixed length control field 01098cad a22002295a 4500
001 - CONTROL NUMBER
control field E147427
008 - FIXED-LENGTH DATA ELEMENTS--GENERAL INFORMATION
fixed length control field 090511s2009 xxk f 000 0 eng d
035 ## - SYSTEM CONTROL NUMBER
System control number (Sirsi) u147427
041 0# - LANGUAGE CODE
Language code of text/sound track or separate title eng
050 04 - LIBRARY OF CONGRESS CALL NUMBER
Classification number 333.33 $2 18
110 2# - MAIN ENTRY--CORPORATE NAME
Corporate name or jurisdiction name as entry element Jones Lang LaSalle
9 (RLIN) 3755
245 00 - TITLE STATEMENT
Title Pulse
Remainder of title European office property clock, Q1 2009
Medium [electronic resource]
260 ## - PUBLICATION, DISTRIBUTION, ETC.
Place of publication, distribution, etc. [S.l.]
Name of publisher, distributor, etc. JLL
Date of publication, distribution, etc. 2009
490 #0 - SERIES STATEMENT
Series statement JLL European Office Property Clock
Volume/sequential designation First Quarter 2009
520 ## - SUMMARY, ETC.
Summary, etc. Suggests that the economic downturn in the Eurozone is continuing to affect the office market, with prime office rents falling at an increased pace. The European Office Rental Index, which is based on the performance of 24 markets, fell by 8.0% in Q1 2009, the biggest fall the Index has seen. Prime rents are now 11.1% lower than a year ago.
521 ## - TARGET AUDIENCE NOTE
Target audience note Advanced
590 ## - LOCAL NOTE (RLIN)
Local note KA
651 #4 - SUBJECT ADDED ENTRY--GEOGRAPHIC NAME
Geographic name Europe
690 ## - LOCAL SUBJECT ADDED ENTRY--TOPICAL TERM (OCLC, RLIN)
Topical term or geographic name as entry element PROPERTY-COMMERCIAL PROPERTY-OFFICE PROPERTY-OFFICE MARKET
856 40 - ELECTRONIC LOCATION AND ACCESS
Uniform Resource Identifier <a href="https://www.joneslanglasalle.eu">https://www.joneslanglasalle.eu</a>
Public note View the research free of charge (requires registration) at www.joneslanglasalle.eu...
942 ## - ADDED ENTRY ELEMENTS (KOHA)
Suppress in OPAC 0
Holdings
Withdrawn status Lost status Source of classification or shelving scheme Damaged status Not for loan Home library Current library Shelving location Date acquired Total Checkouts Full call number Barcode Date last seen Copy number Price effective from Koha item type
    Dewey Decimal Classification     Virtual Virtual Online 11/05/2009   ONLINE PUBLICATION 147427-2001 06/08/2019 1 06/08/2019 Book